Extracts : English fiction for advanced students
Αποθηκεύτηκε σε:
| Κύριος συγγραφέας: | |
|---|---|
| Μορφή: | Βιβλίο |
| Γλώσσα: | English |
| Δημοσίευση: |
Edinburgh :
Nelson,
1989
|
| Θέματα: | |
| Ετικέτες: |
Προσθήκη ετικέτας
Δεν υπάρχουν, Καταχωρήστε ετικέτα πρώτοι!
|
MARC
| LEADER | 00000cam a2200000 i 4500 | ||
|---|---|---|---|
| 001 | 1/77147 | ||
| 008 | 971210s1989 eng d | ||
| 020 | |a 0-17-555728-4 | ||
| 035 | |a 1990 |b 3 |c Πολεμικού |l 10032589 | ||
| 040 | |a GR-MY-UA |b gre |e aacr | ||
| 041 | 0 | |a eng | |
| 082 | 0 | |a 428.24 | |
| 100 | 1 | |a Newbrook, Nigel. | |
| 245 | 1 | 0 | |a Extracts : |b English fiction for advanced students / |c Nigel Newbrook |
| 260 | |a Edinburgh : |b Nelson, |c 1989 | ||
| 300 | |a 70 p. | ||
| 650 | 0 | 0 | |a English language |v Textbooks for foreign speakers. |
| 650 | 0 | 0 | |a English fiction. |
| 852 | |a INST |b RHODES |e 19971210 |h 428.24 NEW |p 005400007915 |q 005400007915 |t BK |y 0 | ||
| 901 | |a BIBL-1997-2 | ||
| 909 | |a Ρ |b 018767 |c 1990 | ||
| 922 | |a 4ΕΛΗ |b 199011 |c 420 | ||